|
|
|
|
| LEADER |
01085cam a2200265 i 4500 |
| 001 |
4079214 |
| 003 |
GR-PaULI |
| 005 |
20210117210949.0 |
| 008 |
190917s1973 ilua g b 000 0 eng d |
| 952 |
|
|
|0 0
|1 0
|2 ddc
|4 0
|6 722_800000000000000_GEB
|7 0
|9 235167
|a THST
|b THST
|d 2019-09-17
|i 007754
|l 0
|o 722.8 GEB
|p 025000264354
|r 2019-09-17 00:00:00
|t 1
|v 2019.00
|w 2019-09-17
|y BK15
|
| 999 |
|
|
|c 142524
|d 142524
|
| 010 |
|
|
|a 72080813
|
| 020 |
|
|
|a 0226284646
|
| 040 |
|
|
|a DLC
|c DLC
|d DLC
|d GR-PaULI
|b gre
|e AACR2
|
| 082 |
0 |
4 |
|a 722.8
|2 23
|
| 100 |
1 |
|
|a Gebhard, Elizabeth R.
|9 169873
|e συγγραφέας
|
| 245 |
1 |
4 |
|a The theater at Isthmia /
|c [by] Elizabeth R. Gebhard.
|
| 260 |
|
|
|a Chicago :
|b University of Chicago Press,
|c 1973.
|
| 300 |
|
|
|a xix, 154 σ.
|b εικ.
|c 22 εκ.
|
| 504 |
|
|
|a Περιλαμβάνει βιβλιογραφία.
|
| 650 |
|
4 |
|a Αρχαιολογία του θεάτρου
|9 80667
|
| 650 |
|
4 |
|a Θέατρο
|x Ιστορία
|y Μέχρι το 500
|9 160749
|
| 651 |
|
4 |
|9 105618
|a Ίσθμια (Ελλάδα)
|x Αρχαιότητες
|
| 942 |
|
|
|2 ddc
|c BK15
|
| 998 |
|
|
|c ΜΑΝΙΑ
|d 2019-09
|